000 00322pab a2200121 454500
008 180718b xxu||||| |||| 00| 0 eng d
100 _aPatil, S.H.
245 _aSpeaker Protem
650 _a Speaker
650 _aLegislative Officers - India
773 _aJournal of Constitutional and Parliamentary Studies
909 _a23780
999 _c23780
_d23780